[Event "Landesliga Nord 1819"]
[Site "Bayern"]
[Date "2018.11.11"]
[Round "2.4"]
[White "Bade, Joern"]
[Black "Maurer, Christian"]
[Result "1-0"]
[WhiteElo "2214"]
[BlackElo "2087"]
[PlyCount "71"]
[EventDate "2018.10.21"]
[EventType "team-tourn"]
[EventRounds "9"]
[EventCountry "GER"]
[SourceTitle "EXT 2022"]
[Source "ChessBase"]
[SourceDate "2021.10.06"]
[SourceVersion "1"]
[SourceVersionDate "2021.10.06"]
[SourceQuality "1"]
[WhiteTeam "Forchheim SC"]
[BlackTeam "Kelheim SK"]
[WhiteTeamCountry "GER"]
[BlackTeamCountry "GER"]

1. e4 e5 2. Nf3 Nc6 3. Bb5 d6 4. d4 exd4 5. Qxd4 Bd7 6. Qe3 Be7 7. Nc3 Nf6 8. b3 a6 9. Be2 0-0 10. Bb2 Re8 11. 0-0 Ng4 12. Qd2 Bf6 13. Rae1 Nge5 14. Nxe5 Bxe5 15. f4 Bd4+ 16. Kh1 Re6 17. Bg4 Rh6 18. Bxd7 Qxd7 19. Nd1 Bxb2 20. Nxb2 Re8 21. Nd3 Qd8 22. Re3 Rhe6 23. Rfe1 g6 24. g4 Qf6 25. g5 Qd4 26. c3 Qb6 27. Nf2 f5 28. gxf6 Rxf6 29. Rg3 Qa5 30. Ng4 Rfe6 31. f5 R6e7 32. fxg6 Rf8 33. gxh7+ Kh8 34. Qh6 Rg7 35. Nf6 Rff7 36. Reg1 1-0

[Event "BL2-Ost 1718"]
[Site "Germany"]
[Date "2017.12.09"]
[Round "5.6"]
[White "Promyshlyanskiy, Vitaliy"]
[Black "Bade, Joern"]
[Result "1-0"]
[WhiteElo "2303"]
[BlackElo "2289"]
[PlyCount "69"]
[EventDate "2017.10.21"]
[EventType "team-tourn"]
[EventRounds "10"]
[EventCountry "GER"]
[SourceTitle "CBM 183 Extra"]
[Source "ChessBase"]
[SourceDate "2018.04.19"]
[SourceVersion "1"]
[SourceVersionDate "2018.04.19"]
[SourceQuality "1"]
[WhiteTeam "Nuernberg NT"]
[BlackTeam "Forchheim"]
[WhiteTeamCountry "GER"]
[BlackTeamCountry "GER"]

1. e4 d6 2. d4 Nf6 3. Nc3 g6 4. Bg5 Bg7 5. Qd2 h6 6. Bf4 g5 7. Bg3 Nh5 8. 0-0-0 Nc6 9. Qe3 e5 10. dxe5 Nxg3 11. hxg3 Nxe5 12. Be2 Ng4 13. Bxg4 Bxg4 14. f3 Be6 15. f4 c6 16. e5 d5 17. Nf3 Qb6 18. Qd3 gxf4 19. gxf4 Bg4 20. Rde1 Qf2 21. Rhf1 Qg3 22. Qd2 h5 23. Ng5 Bh6 24. Re3 Qh2 25. e6 fxe6 26. Nxe6 Bxe6 27. Rxe6+ Kd7 28. Nxd5 Kxe6 29. Nc7+ Kf5 30. Qd3+ Kg4 31. Qg6+ Kh4 32. g3+ Kh3 33. Qxh5+ Kxg3 34. Rf3+ Kg2 35. Qg4+ 1-0

[Event "Landesliga Nord 1617"]
[Site "Bayern"]
[Date "2017.04.30"]
[Round "9.1"]
[White "Lorenz, Mark"]
[Black "Bade, Joern"]
[Result "0-1"]
[WhiteElo "2097"]
[BlackElo "2231"]
[PlyCount "104"]
[EventDate "2016.10.16"]
[EventType "team-tourn"]
[EventRounds "9"]
[EventCountry "GER"]
[SourceTitle "EXT 2019"]
[Source "ChessBase"]
[SourceDate "2018.10.10"]
[SourceVersion "1"]
[SourceVersionDate "2018.10.10"]
[SourceQuality "1"]
[WhiteTeam "Marktleuthen"]
[BlackTeam "Forchheim II"]
[WhiteTeamCountry "GER"]
[BlackTeamCountry "GER"]

1. c4 c6 2. g3 d5 3. Nf3 Nf6 4. Bg2 Bg4 5. Ne5 Bh5 6. cxd5 cxd5 7. Qb3 Nc6 8. f4 Qb6 9. Qxb6 axb6 10. Nxc6 bxc6 11. h3 e6 12. d3 Bc5 13. Bd2 0-0 14. Bc3 Be3 15. Na3 b5 16. Nc2 Bb6 17. Rf1 Bg6 18. g4 Nd7 19. f5 exf5 20. gxf5 Bh5 21. Bf3 Bxf3 22. Rxf3 f6 23. b3 Rfe8 24. Rg3 Kf7 25. Kd2 c5 26. a3 Bc7 27. Rg4 h5 28. Rg2 d4 29. Bb2 Bf4+ 30. Ke1 Be3 31. Bc1 Bxc1 32. Rxc1 Re5 33. Rf2 Nb6 34. b4 Rc8 35. bxc5 Rexc5 36. Kd2 Nd5 37. Rff1 Rxc2+ 38. Rxc2 Rxc2+ 39. Kxc2 Ne3+ 40. Kb3 Nxf1 41. Kb4 Ng3 42. Kxb5 Nxe2 43. Kc6 Nc3 44. Kc5 Ke7 45. Kxd4 Nb5+ 46. Ke4 Nxa3 47. Kf4 Kd6 48. d4 Kd5 49. Kg3 Kxd4 50. Kh4 Ke5 51. Kxh5 Kxf5 52. h4 g5 0-1

[Event "BL2-Ost 1617"]
[Site "Germany"]
[Date "2016.11.20"]
[Round "4.7"]
[White "Kukov, Velislav"]
[Black "Bade, Joern"]
[Result "1/2-1/2"]
[WhiteElo "2358"]
[BlackElo "2276"]
[PlyCount "73"]
[EventDate "2016.10.14"]
[EventType "team-tourn"]
[EventRounds "10"]
[EventCountry "GER"]
[SourceTitle "CBM 177 Extra"]
[Source "ChessBase"]
[SourceDate "2017.04.27"]
[SourceVersion "1"]
[SourceVersionDate "2017.04.27"]
[SourceQuality "1"]
[WhiteTeam "Goeggingen"]
[BlackTeam "Forchheim"]
[WhiteTeamCountry "GER"]
[BlackTeamCountry "GER"]

1. Nf3 Nf6 2. d4 d5 3. c4 c6 4. cxd5 cxd5 5. Nc3 Nc6 6. Bf4 Bf5 7. e3 e6 8. Qb3 Qb6 9. Bb5 Nd7 10. Ne5 Ndxe5 11. Bxe5 Rc8 12. a4 f6 13. Bg3 Kf7 14. 0-0 Na5 15. Qa2 a6 16. Bd7 Rd8 17. Nxd5 Qa7 18. e4 Rxd7 19. Nc7 Bg4 20. h3 Rxc7 21. Bxc7 Be2 22. Bxa5 Bxf1 23. Rxf1 Qxd4 24. Qb3 Qxe4 25. Rd1 Qc6 26. Qb6 Qxb6 27. Bxb6 Bb4 28. Rd7+ Kg6 29. Rxb7 Rc8 30. Ra7 Rc2 31. Rxa6 Rxb2 32. a5 Bc3 33. Ra8 e5 34. Rd8 Ra2 35. Rd5 Bd4 36. Bxd4 exd4 37. Rxd4 1/2-1/2

[Event "BL2-Ost 1617"]
[Site "Germany"]
[Date "2016.11.19"]
[Round "3.7"]
[White "Bade, Joern"]
[Black "Gasthofer, Viktor"]
[Result "1-0"]
[WhiteElo "2276"]
[BlackElo "2307"]
[PlyCount "107"]
[EventDate "2016.10.14"]
[EventType "team-tourn"]
[EventRounds "10"]
[EventCountry "GER"]
[SourceTitle "CBM 177 Extra"]
[Source "ChessBase"]
[SourceDate "2017.04.27"]
[SourceVersion "1"]
[SourceVersionDate "2017.04.27"]
[SourceQuality "1"]
[WhiteTeam "Forchheim"]
[BlackTeam "Bad Mergentheim"]
[WhiteTeamCountry "GER"]
[BlackTeamCountry "GER"]

1. e4 e6 2. d4 d5 3. e5 c5 4. Nf3 cxd4 5. Bd3 Nc6 6. 0-0 Nge7 7. Bf4 Ng6 8. Bg3 Be7 9. Re1 Qb6 10. Qc1 Bd7 11. a3 a5 12. h4 h5 13. Ng5 Bxg5 14. Qxg5 Nce7 15. Nd2 Bb5 16. Nf3 Bxd3 17. cxd3 Rc8 18. Qd2 Nf5 19. b4 Rc3 20. bxa5 Qxa5 21. a4 0-0 22. Qe2 Qa6 23. Red1 Rfc8 24. Ng5 Nh6 25. Qxh5 Rxd3 26. Rdb1 Rdc3 27. a5 d3 28. Qd1 R8c7 29. h5 Nf8 30. Bf4 Qc4 31. Bd2 Rc2 32. Rb4 Qc5 33. Nf3 Rc4 34. Rb3 Ng4 35. Qf1 d4 36. Re1 Rc3 37. Rbb1 Qd5 38. Red1 Rb3 39. Rxb3 Qxb3 40. Nxd4 Qc4 41. Nf3 Qe4 42. Rc1 Rc4 43. Rxc4 Qxc4 44. Qb1 Qc5 45. Qxd3 Qxf2+ 46. Kh1 Qg3 47. Be1 Qxe1+ 48. Nxe1 Nf2+ 49. Kh2 Nxd3 50. Nxd3 Nd7 51. Kg3 f6 52. Kf4 Kf7 53. g4 g6 54. exf6 1-0

[Event "BL2-Ost 1314"]
[Site "Germany"]
[Date "2013.10.12"]
[Round "1.6"]
[White "Bade, Joern"]
[Black "Promyshlyanskiy, Vitaliy"]
[Result "1-0"]
[WhiteElo "2286"]
[BlackElo "2235"]
[PlyCount "75"]
[EventDate "2013.10.12"]
[EventType "team-tourn"]
[EventRounds "10"]
[EventCountry "GER"]
[SourceTitle "EXT 2015"]
[Source "ChessBase"]
[SourceDate "2014.11.20"]
[SourceVersion "1"]
[SourceVersionDate "2014.11.20"]
[SourceQuality "1"]
[WhiteTeam "Forchheim"]
[BlackTeam "Nuernberg"]
[WhiteTeamCountry "GER"]
[BlackTeamCountry "GER"]

1. e4 e5 2. Nf3 Nc6 3. Bc4 Nf6 4. Ng5 Bc5 5. Bxf7+ Ke7 6. Bb3 Rf8 7. 0-0 d6 8. Nc3 h6 9. Nd5+ Nxd5 10. exd5 Nd4 11. Ne4 Bb6 12. Qh5 Bf5 13. d3 Qd7 14. c3 Nxb3 15. axb3 Qb5 16. c4 Qxb3 17. Ra3 Qb4 18. Qe2 Bd4 19. Ng3 Bd7 20. Be3 Qb6 21. Bxd4 Qxd4 22. Qd2 Rf7 23. Ne2 Qh4 24. d4 Rf5 25. Ng3 Rg5 26. dxe5 Qxc4 27. Rc1 Qb5 28. f4 Rg4 29. e6 Qb6+ 30. Kh1 Be8 31. h3 Rg6 32. f5 Rg5 33. Rf3 c6 34. Ne4 cxd5 35. Nxg5 hxg5 36. Qxg5+ Kf8 37. f6 gxf6 38. Qxf6+ 1-0

[Event "Bundesliga 1213"]
[Site "Germany"]
[Date "2013.02.03"]
[Round "8"]
[White "Bade, Joern"]
[Black "Schlosser, Philipp"]
[Result "0-1"]
[WhiteElo "2288"]
[BlackElo "2579"]
[PlyCount "78"]
[EventDate "2012.10.20"]
[EventType "team-tourn"]
[EventRounds "15"]
[EventCountry "GER"]
[SourceTitle "CBM 153"]
[Source "ChessBase"]
[SourceDate "2013.03.14"]
[SourceVersion "1"]
[SourceVersionDate "2013.03.14"]
[SourceQuality "1"]
[WhiteTeam "Forchheim"]
[BlackTeam "Baden-Baden"]
[WhiteTeamCountry "GER"]
[BlackTeamCountry "GER"]

1. e4 c5 2. c3 d5 3. exd5 Qxd5 4. d4 Nf6 5. Nf3 e6 6. Be3 cxd4 7. cxd4 Nc6 8. Nc3 Qd6 9. a3 g6 10. Bd3 Bg7 11. 0-0 0-0 12. Nb5 Qe7 13. Bf4 Rd8 14. Bc7 Rd7 15. Be5 Qd8 16. Qe2 a6 17. Nc3 Nxe5 18. Qxe5 b5 19. Rad1 Bb7 20. Be2 Ne4 21. Qf4 Nxc3 22. bxc3 Rc8 23. a4 Rxc3 24. axb5 Bxf3 25. Bxf3 axb5 26. d5 exd5 27. Qb4 d4 28. Qxb5 d3 29. Rb1 Bd4 30. Rb3 d2 31. Rxc3 Bxc3 32. Bd1 Re7 33. Qc4 Qd4 34. Qb5 Re1 35. Qa6 Kg7 36. Qb5 h5 37. Qa6 h4 38. h3 Bb4 39. Qa4 Qd3 0-1

[Event "Bundesliga 1213"]
[Site "Germany"]
[Date "2012.10.20"]
[Round "1.6"]
[White "Bade, Joern"]
[Black "Lenderman, Aleksandr"]
[Result "0-1"]
[WhiteElo "2288"]
[BlackElo "2614"]
[PlyCount "66"]
[EventDate "2012.10.20"]
[EventType "team-tourn"]
[EventRounds "15"]
[EventCountry "GER"]
[SourceTitle "CBM 151"]
[Source "ChessBase"]
[SourceDate "2012.11.13"]
[SourceVersion "1"]
[SourceVersionDate "2012.11.13"]
[SourceQuality "1"]
[WhiteTeam "Forchheim"]
[BlackTeam "Solingen"]
[WhiteTeamCountry "GER"]
[BlackTeamCountry "GER"]

1. e4 c5 2. c3 Nf6 3. e5 Nd5 4. d4 cxd4 5. Nf3 e6 6. cxd4 d6 7. Nc3 Nxc3 8. bxc3 Qc7 9. Qb3 Nd7 10. Bf4 dxe5 11. Bxe5 Nxe5 12. Nxe5 Bd6 13. Bb5+ Kf8 14. f4 g6 15. 0-0 Kg7 16. Rae1 b6 17. Bd3 Bb7 18. Be4 Bxe4 19. Rxe4 Rac8 20. Re3 Rhe8 21. Rfe1 Qb7 22. Qb5 a6 23. Qd3 b5 24. Rh3 f5 25. Qg3 Bxe5 26. fxe5 Rc7 27. Qg5 Rf8 28. Ree3 Kg8 29. Rh4 b4 30. cxb4 Rc1+ 31. Kf2 Qxb4 32. Re2 Qb1 33. Rf4 Rf1+ 0-1

[Event "BL2-Ost 1112"]
[Site "Germany"]
[Date "2012.01.15"]
[Round "5.6"]
[White "Bade, Joern"]
[Black "Schubert, Thomas"]
[Result "1/2-1/2"]
[WhiteElo "2294"]
[BlackElo "2352"]
[PlyCount "57"]
[EventDate "2011.10.02"]
[EventType "team-tourn"]
[EventRounds "9"]
[EventCountry "GER"]
[SourceTitle "EXT 2015"]
[Source "ChessBase"]
[SourceDate "2014.11.20"]
[SourceVersion "1"]
[SourceVersionDate "2014.11.20"]
[SourceQuality "1"]
[WhiteTeam "Forchheim"]
[BlackTeam "Leipzig SG"]
[WhiteTeamCountry "GER"]
[BlackTeamCountry "GER"]

1. e4 c6 2. d4 d5 3. exd5 cxd5 4. c4 Nf6 5. Nc3 Nc6 6. Bg5 Be6 7. a3 Qd7 8. Rc1 Rd8 9. c5 Ne4 10. Bf4 g5 11. Be3 Bg7 12. Bb5 0-0 13. Nge2 h6 14. 0-0 Nxc5 15. dxc5 d4 16. Nxd4 Bxd4 17. Bxd4 Qxd4 18. Bxc6 bxc6 19. b4 a5 20. Qa4 axb4 21. axb4 Qf4 22. Qxc6 Qxb4 23. Qb6 Rb8 24. Qxb4 Rxb4 25. Rfe1 Rfb8 26. Re4 Rb3 27. Ne2 R3b5 28. c6 Bd5 29. Rxe7 1/2-1/2

[Event "BL2-Ost 0910"]
[Site "Germany"]
[Date "2009.10.18"]
[Round "1.6"]
[White "Gempe, Thomas"]
[Black "Bade, Joern"]
[Result "1/2-1/2"]
[WhiteElo "2294"]
[BlackElo "2296"]
[PlyCount "68"]
[EventDate "2009.10.18"]
[EventType "team-tourn"]
[EventRounds "9"]
[EventCountry "GER"]
[SourceTitle "EXT 2011"]
[Source "ChessBase"]
[SourceDate "2010.11.26"]
[SourceVersion "1"]
[SourceVersionDate "2010.11.26"]
[SourceQuality "1"]
[WhiteTeam "Leipzig Mitte"]
[BlackTeam "Forchheim"]
[WhiteTeamCountry "GER"]
[BlackTeamCountry "GER"]

1. e4 d6 2. d4 Nf6 3. Nc3 g6 4. Nf3 Bg7 5. h3 0-0 6. Be3 a6 7. a4 b6 8. Be2 Bb7 9. d5 c6 10. 0-0 Nbd7 11. dxc6 Bxc6 12. Nd4 Bb7 13. f3 Qc7 14. Qe1 d5 15. exd5 Bxd5 16. Rd1 Bb7 17. Qf2 Nc5 18. Nb3 Ncd7 19. Rd2 e6 20. Rfd1 Nd5 21. Nxd5 Bxd5 22. c4 Bc6 23. c5 bxc5 24. Nxc5 Nxc5 25. Bxc5 Rfc8 26. Bb6 Qf4 27. Bxa6 Re8 28. Bb5 Bxb5 29. axb5 Qa4 30. Qc5 Bf8 31. Qc6 Rec8 32. Qd7 Rcb8 33. Qc6 Rc8 34. Qd7 Rcb8 1/2-1/2

[Event "Oberliga Bayern 0708"]
[Site "Bayern"]
[Date "2008.03.09"]
[Round "7.6"]
[White "Heimrath, Reiner"]
[Black "Bade, Joern"]
[Result "1-0"]
[WhiteElo "2144"]
[BlackElo "2258"]
[PlyCount "111"]
[EventDate "2007.10.21"]
[EventType "team-tourn"]
[EventRounds "9"]
[EventCountry "GER"]
[SourceTitle "EXT 2009"]
[Source "ChessBase"]
[SourceDate "2008.11.26"]
[SourceVersion "1"]
[SourceVersionDate "2008.11.26"]
[SourceQuality "1"]
[WhiteTeam "Nuernberg NT"]
[BlackTeam "Forchheim"]
[WhiteTeamCountry "GER"]
[BlackTeamCountry "GER"]

1. d4 d5 2. Nf3 Nf6 3. e3 Bg4 4. h3 Bxf3 5. Qxf3 c5 6. Nd2 Nc6 7. c3 e6 8. Bb5 Qb6 9. Ba4 Qa6 10. Qd1 Nd7 11. Nf3 Be7 12. Bc2 Rd8 13. Bd2 e5 14. dxc5 Nxc5 15. Qe2 Qxe2+ 16. Kxe2 e4 17. Nd4 Ne5 18. f4 Nc4 19. Bc1 Bf6 20. b3 Nd6 21. Ba3 Rc8 22. Rac1 0-0 23. Bb1 b5 24. Rhd1 Rfd8 25. g4 g6 26. Rd2 Ncb7 27. Ke1 a6 28. Ne2 Ne8 29. Bb2 Na5 30. Rcd1 Nc7 31. g5 Be7 32. h4 Nc6 33. Kf2 Bf8 34. Ng3 Bg7 35. h5 b4 36. cxb4 Bxb2 37. Rxb2 Nxb4 38. a3 Nc6 39. Rc1 Ne6 40. Rbc2 Ne7 41. Rxc8 Rxc8 42. Rxc8+ Nxc8 43. b4 Nd6 44. Ba2 Nc7 45. a4 h6 46. hxg6 hxg5 47. Nh5 fxg6 48. Nf6+ Kg7 49. fxg5 Nf7 50. Nxd5 Ne8 51. Bc4 Nxg5 52. Bxa6 Kf7 53. Bc8 Nd6 54. Bg4 Ne6 55. a5 Nd8 56. Bd7 1-0

[Event "Bundesliga 0203"]
[Site "Germany"]
[Date "2003.02.08"]
[Round "10.8"]
[White "Straeter, Timo"]
[Black "Bade, Joern"]
[Result "0-1"]
[WhiteElo "2329"]
[BlackElo "2267"]
[PlyCount "112"]
[EventDate "2002.10.19"]
[EventType "team-tourn"]
[EventRounds "15"]
[EventCountry "GER"]
[SourceTitle "CBM 094"]
[Source "ChessBase"]
[SourceDate "2003.05.26"]
[SourceVersion "1"]
[SourceVersionDate "2003.05.26"]
[SourceQuality "1"]
[WhiteTeam "Wattenscheid"]
[BlackTeam "Forchheim"]
[WhiteTeamCountry "GER"]
[BlackTeamCountry "GER"]

1. d4 d5 2. Nf3 Nf6 3. e3 Bf5 4. c4 c6 5. Bd3 Bxd3 6. Qxd3 e6 7. 0-0 Nbd7 8. Nc3 Be7 9. e4 dxe4 10. Nxe4 Nxe4 11. Qxe4 0-0 12. Bd2 c5 13. Bc3 cxd4 14. Nxd4 Qc7 15. Rad1 Nf6 16. Qe2 a6 17. Rfe1 Rfe8 18. b4 Rac8 19. c5 b6 20. c6 Nd5 21. Bb2 Bxb4 22. Nf5 f6 23. Nxg7 Qxg7 24. Rxd5 exd5 25. Qxe8+ Rxe8 26. Rxe8+ Kf7 27. c7 Qg4 28. f3 Bc5+ 29. Kh1 Qc4 30. Re1 Bd6 31. Rc1 Bxc7 32. Rxc4 dxc4 33. Kg1 b5 34. Kf2 Ke6 35. h4 f5 36. g4 fxg4 37. fxg4 Bd8 38. h5 Bg5 39. Kf3 Kd5 40. Bc3 Bc1 41. Bf6 Ke6 42. Bc3 Kd5 43. Bf6 b4 44. Ke2 a5 45. g5 Ke6 46. Kd1 Bf4 47. Bd8 a4 48. g6 hxg6 49. hxg6 Be5 50. Kc1 Kf5 51. Ba5 b3 52. axb3 axb3 53. Bb4 c3 54. Ba3 Kxg6 55. Bb2 Kf5 56. Ba3 Bf4+ 0-1

[Event "Bundesliga 0203"]
[Site "Germany"]
[Date "2002.11.16"]
[Round "3.8"]
[White "Bade, Joern"]
[Black "Philipowski, Robert"]
[Result "1/2-1/2"]
[WhiteElo "2267"]
[BlackElo "2299"]
[PlyCount "45"]
[EventDate "2002.10.19"]
[EventType "team-tourn"]
[EventRounds "15"]
[EventCountry "GER"]
[SourceTitle "EXT 2003"]
[Source "ChessBase"]
[SourceDate "2002.11.25"]
[SourceVersion "1"]
[SourceVersionDate "2002.11.25"]
[SourceQuality "1"]
[WhiteTeam "Forchheim"]
[BlackTeam "Godesberg"]
[WhiteTeamCountry "GER"]
[BlackTeamCountry "GER"]

1. e4 c5 2. c3 d5 3. exd5 Qxd5 4. d4 Nc6 5. Nf3 e6 6. Bd3 Nf6 7. 0-0 Be7 8. c4 Qd8 9. dxc5 Bxc5 10. Nc3 0-0 11. Bg5 h6 12. Bh4 Be7 13. Qe2 Qa5 14. a3 Qh5 15. Bg3 b6 16. Rae1 Bb7 17. Bb1 Na5 18. Ne4 Rac8 19. Nxf6+ Bxf6 20. Qc2 g6 21. Ne5 Rfd8 22. b3 Nc6 23. Nxc6 1/2-1/2